Normal view
MARC view
Entry Personal Name
001 - CONTROL NUMBER
- control field: 134311
003 - CONTROL NUMBER IDENTIFIER
- control field: OSt
005 - DATE AND TIME OF LATEST TRANSACTION
- control field: 20220918215517.0
008 - FIXED-LENGTH DATA ELEMENTS
- fixed length control field: 220918|| aca||aabn | a|a d
040 ## - CATALOGING SOURCE
- Original cataloging agency: OSt
- Transcribing agency: OSt
100 ## - HEADING--PERSONAL NAME
- Personal name: International Conference On Family Planning And Population Programs, 1965 (Geneva)
670 ## - SOURCE DATA FOUND
- Source citation: Work cat.: (OSt)264519: International Conference On Family Planning And Population Programs, 1965 (Geneva) 134310, Proceedings ed by bernard Berelson etc, 1966
